Guess the lyrics (#28) - Statistics

General Stats
  • This quiz has been taken 295 times
    101 since last reset
  • The average score is 46 of 97
Answer Stats
Answer % Correct
I
99%
I
99%
I
99%
I
99%
a
97%
a
97%
a
97%
a
97%
You
89%
You
89%
the
87%
the
87%
the
87%
the
87%
the
87%
be
80%
me
70%
me
70%
me
70%
He
68%
He
68%
He
68%
He
68%
He
68%
when
64%
are
62%
are
62%
of
56%
of
56%
that
54%
that
54%
get
47%
get
47%
get
47%
get
47%
but
46%
but
46%
him
46%
him
46%
Oh
46%
drink
45%
drink
45%
drink
45%
drink
45%
for
43%
down
40%
down
40%
down
40%
down
40%
up
40%
up
40%
Don't
39%
never
38%
never
38%
gonna
37%
gonna
37%
good
37%
Boy
36%
Boy
36%
Boy
36%
knocked
36%
knocked
36%
again
34%
again
34%
times
32%
times
32%
keep
31%
keep
31%
we're
31%
night
29%
vodka
29%
whisky
29%
Danny
28%
Danny
28%
Danny
28%
drinks
28%
drinks
28%
drinks
28%
drinks
28%
away
25%
remind
25%
remind
25%
lager
24%
better
23%
sings
22%
sings
22%
cider
21%
songs
21%
songs
21%
We'll
21%
cry
18%
Pissing
18%
neighbour
11%
door
9%
next
9%
singing
8%
winning
7%
No matching quizzes found
Score Distribution
Percent of People with Each Score
Percentile by Number Answered
Your Score History
You have not taken this quiz since the last reset